Kopytem sem, kopytem tam

Bibliographic Details
Other Authors: Chytilová, Věra, 1929-2014 (Director)
Format: Video DVD
Language:Czech
PhysicalDescription:1 videodisk (DVD) (128 min.) zvuk DD 2.0, fareb., PAL 4:3 12 cm
Published: [Bratislava] Ringier [2007]
Series:Nový Čas vás baví
Subjects:

MARC

LEADER 00000ngm a2200000 a 4500
001 vtls009937410
003 SK-MaSNL
005 20260302023514.0
007 vd cvaizs
008 090807s2007 xo 128 e vlcze
040 |a SNK  |b slo  |c SNK  |e AACR2 
041 0 |a cze  |b cze 
044 |a xo  |c SK 
072 7 |a 791  |x Film. Cirkus. Ľudová zábava  |2 konspekt 
080 |a 791.221.2(437.3)  |2 2001 
080 |a (0.034.44)  |2 2001 
245 0 0 |a Kopytem sem, kopytem tam  |h videozáznam  |c [réžia] Věra Chytilová 
260 |a [Bratislava]  |b Ringier  |c [2007] 
300 |a 1 videodisk (DVD) (128 min.)  |b zvuk DD 2.0, fareb., PAL 4:3  |c 12 cm 
490 1 |a Nový Čas vás baví 
500 |a Bonusy: filmografia, fotogaléria, rozhovory (V. Chytilová, T. Hanák, M. Šteindler) 
500 |a Názov z disku 
511 0 |a Hrajú: T. Hanák, M. Šteidler, D. Vávra a ďalší 
521 |a Mládeži do 15 r. nevhodné 
546 |a Obsahuje české titulky 
650 0 7 |a hrané filmy  |2 SNKPH  |9 68885 
650 0 7 |a filmová komédia  |2 SNKPH  |9 73961 
655 7 |a DVD  |2 SNKPH  |9 70751 
700 1 |a Chytilová, Věra,  |d 1929-2014  |4 drt  |9 100834 
830 0 |a Nový Čas vás baví  |9 326727 
999 |c 1036734  |d 1038664 
952 |a SNK  |b SNK  |y PREZ  |7 0  |p 17A0691223  |o snkSDVD 551 D1  |i snk2011/5934  |8 0  |0 0  |1 0  |4 0  |d 2011-03-16  |l 0  |r 2026-02-24 14:11:57  |w 2026-02-24 
952 |a SNK  |b SNK  |y PREZ  |7 0  |p 17A0627941  |o snkSDVD 551  |i snk2009/14378  |8 0  |0 0  |1 0  |4 0  |d 2009-08-07  |l 0  |r 2026-02-24 14:11:57  |w 2026-02-24